000 00704nam a2200217 i 4500
001 38976
003 ES-MaACL
005 20250809041646.0
007 t|
008 030226s1978 sp ||||1| spa d
100 1 _aCamps Ruiz, Luis.
_934328
245 1 0 _aFundamentos de derecho sindical /
_cLuis Camps Ruiz, Juan M. Ramírez Martínez, Tomás Sala Franco.
260 _a[Madrid] :
_bDe la Torre,
_c[1978]
300 _a285 p. ;
_c21 cm.
504 _aBibliografía: p. 279-285.
650 7 _aDerecho sindical-
_zEspaña
_2
_9148233
700 1 _aRamírez Martínez, J. Manuel.
_995157
700 1 _aSala Franco, Tomás.
_9101663
852 _aES-MaACL
_jA-10017
999 _c38976
_d38976